| 000 | 01043nam a2200265 a 4500 | ||
|---|---|---|---|
| 001 | 000016560 | ||
| 003 | DO-SdBNP | ||
| 005 | 20250207100227.0 | ||
| 007 | ta | ||
| 008 | 100308s1985 dr d 000 0 spa d | ||
| 040 |
_aDO-SdBNP _bspa _cBNPHU _erda |
||
| 049 | _aBNPD | ||
| 082 | 1 |
_axxxx _bR426d _222 |
|
| 110 |
_aRepública Dominicana. Secretaría de Estado de Educación, Bellas Artes y Cultos _bOficina Técnica de Planificación _936816 |
||
| 245 | 1 | 0 | _aDiagnóstico del sector educativo oficial. |
| 264 | 1 |
_aSanto Domingo : _bSecretaría de Estado de Educación, Bellas Artes y Cultos, _c1985. |
|
| 300 |
_a353 páginas : _bdiágramas ; _c28 cm. |
||
| 336 |
_atexto _btxt _2rdacontent |
||
| 337 |
_asin mediación _bn _2rdamedia |
||
| 338 |
_avolumen _bnc _2rdacarrier |
||
| 500 | _aDepartamento de evaluación de planes y presupuesto. Proyecto integrado de desarrollo educativo (PIDE) | ||
| 500 | _aIncluye referencias bibliográficas y notas al pie de las páginas | ||
| 504 | _aBibliografía : páginas 349-353 | ||
| 942 |
_2ddc _cLBS1 |
||
| 999 |
_c16093 _d16093 |
||